000 00811nam a2200241Ia 4500
008 191130s2004##################000#0#eng##
020 _a9783540203247
022 _a2003064264
040 _aACL
_cACL
082 _a006.3 RUA
100 _aRuan, Da
245 _aIntelligent sensory evaluation : methodologies and applications
_cDa Ruan, Xianyi Zeng (eds.)
260 _aBerlin ; New York
_bSpringer
_c2004
300 _axiii, 443 p. : ill. ; 24 cm
500 _aIncludes bibliographical references and index
650 _aComputational intelligence - Industrial applications
650 _aComputational intelligence - Methodology
650 _aSensory evaluation - Data processing
700 _aZeng, Xianyi
990 _acdc079acac10000c61e20649910a5779
991 _a235151
999 _c216974
_d216974